|
|
|
|
| LEADER |
01403nam a2200313 a 4500 |
| 001 |
15549106 |
| 008 |
100823s2010 mau 000 0 eng d |
| 010 |
|
|
|a 2008053217
|
| 020 |
|
|
|a 9780071267526
|
| 020 |
|
|
|a 0071267522
|
| 020 |
|
|
|a 9780073382456 (alk. paper)
|
| 020 |
|
|
|a 0073382450 (alk. paper)
|
| 040 |
|
|
|a DLC
|c DLC
|d IG#
|d BTCTA
|d CDX
|d YDXCP
|d CTB
|d DLC
|d DB-DhAAL
|
| 082 |
0 |
0 |
|a 658.15
|2 22
|
| 100 |
1 |
|
|a Bruner, Robert F.,
|d 1949-
|
| 245 |
1 |
0 |
|a Case studies in finance :
|b managing for corporate value creation /
|c Robert F. Bruner, Kenneth M. Eades, Michael J. Schill.
|
| 250 |
|
|
|a 6th ed.
|
| 260 |
|
|
|a Boston :
|b McGraw-Hill Irwin,
|c c2010.
|
| 300 |
|
|
|a xlvii, 727 p. :
|b ill. ;
|c 24 cm.
|
| 490 |
0 |
|
|a The McGraw-Hill/Irwin series in finance, insurance and real estate
|
| 504 |
|
|
|a Includes bibliographical references.
|
| 541 |
1 |
|
|e 00020793
|
| 650 |
|
0 |
|a Corporations
|x Finance
|v Case studies.
|
| 650 |
|
0 |
|a International business enterprises
|x Finance
|v Case studies.
|
| 700 |
1 |
|
|a Eades, Ken M.
|
| 700 |
1 |
|
|a Schill, Michael J.
|
| 999 |
|
|
|c 9304
|d 9304
|
| 952 |
|
|
|0 0
|1 0
|2 ddc
|4 0
|6 658_150000000000000_BRU_2010
|7 0
|9 11696
|a BRACUL
|b BRACUL
|c GEN
|d 2010-08-23
|l 9
|m 6
|o 658.15 BRU
|p 3010020793
|r 2025-10-30
|s 2025-10-09
|t 1
|w 2010-08-23
|y BK
|
| 952 |
|
|
|0 0
|1 0
|2 ddc
|4 0
|6 658_150000000000000_BRU_2010
|7 0
|9 11722
|a BRACUL
|b BRACUL
|c GEN
|d 2010-08-24
|l 6
|m 26
|o 658.15 BRU
|p 3010020794
|r 2019-10-19
|s 2019-09-22
|t 2
|w 2010-08-24
|y BK
|